Can You Name Every Single NFL Team - Statistics

General Stats
  • This quiz has been taken 32 times
  • The average score is 25 of 32
Answer Stats
NFL Teams % Correct
49ers
91%
Chiefs
91%
Dolphins
91%
Jets
91%
Browns
86%
Panthers
86%
Patriots
86%
Bills
82%
Chargers
82%
Cowboys
82%
Giants
82%
Jaguars
82%
Ravens
82%
Saints
82%
Steelers
82%
Vikings
82%
Bears
77%
Bengals
77%
Commanders
77%
Eagles
77%
Lions
77%
Rams
77%
Broncos
73%
Cardinals
73%
Packers
73%
Texans
73%
Buccaneers
68%
Colts
68%
Raiders
68%
Falcons
64%
Seahawks
64%
Titans
55%
No matching quizzes found
Score Distribution
Percent of People with Each Score
Percentile by Number Answered
Your Score History
You have not taken this quiz